000 01468nam0a22003491 4500
001 v19\rc\1633928
005 20260406072955.0
035 _a(NLR Aleph) 004748622
090 _a4526726
_c4526726
100 _a20061002d1900 |||y0rusy50 ca
101 0 _arus
102 _aRU
105 _aa z |||a|
200 1 _aИз русской жизни и природы
_eРассказы для детей
_f[Соч.] Е. Водовозовой
_gС 24 рис. худ. Панова, Савицкого, Бухгольца и Макарова
205 _a7-е изд.
210 _aСанкт-Петербург
_cскл. изд. у автора
_d1900
215 _aVI, [2], 352 с., 24 л. ил.
_d21
316 _aЭкз. РНБ (130/662): с автогр. авт.
_5NLR: 130/662
700 1 _4570
_7ca
_8rus
_aВодовозова
_bЕ. Н.
_gЕлизавета Николаевна
_f1844-1923
_3RU\NLR\AUTH\7731137
_914149
702 1 _aБухгольц
_bФ.Ф.
_f1857-1942
_gФедор Федорович
_4440
702 1 _aПанов
_bИ.С.
_f1845-1883
_gИван Степанович
_4440
702 1 _aСавицкий
_bК.А.
_f1844-1905
_gКонстантин Аполлонович
_4440
702 1 _aМакаров
_4440
801 0 _aRU
_bNLR
_gpsbo
801 0 _aRU
_bRuMoRGB
_2psbo
801 1 _aRU
_bProSoft-M
_2rusmarc
852 _aNLR
_j20.66.3.18
852 _aNLR
_j130/662
899 _aRuMoRGB
_jS 37/417
899 _aБАН
942 _cBOOK
980 _aNB